| 000 | 00772nas a2200265Ia 4500 | ||
|---|---|---|---|
| 001 | R016/42645 | ||
| 003 | IT-RoPAU | ||
| 008 | 151124c99999999xx |||||||||||| ||und|| | ||
| 040 | _aIT-RoPAU | ||
| 040 | _cIT-RoPAU | ||
| 041 | _aITALIANO | ||
| 100 |
_aMancini Michele _gCodice Aut. SPICS: 4274 |
||
| 210 | _aFICTION | ||
| 222 | _aFiction | ||
| 245 |
_aFICTION, ANNO 04-N.05 (1980) _bPsicanalisi? Del Set |
||
| 250 | _a1a ed. | ||
| 260 |
_aROMA _bFICTION _c1980 |
||
| 501 |
_bPaulus - SPICS - Società San Paolo EM (non-commercial uses only) _cCopyright2015 |
||
| 300 | _a5 p. [71-75] | ||
| 362 | _aANNO 004, N.05 (1980) | ||
| 650 |
_aCINEMA _vPUBBLICAZIONE PERIODICA |
||
| 700 | _aCappabianca Alessandro | ||
| 700 | _gCodice Aut. SPICS: 8481 | ||
| 942 | _cCR | ||
| 999 |
_c115800 _d115800 |
||